The reportage of urban culture : Robert park and the Chicago school (Record no. 295870)

MARC details
000 -LEADER
fixed length control field 00867nam a2200217Ia 4500
008 - FIXED-LENGTH DATA ELEMENTS--GENERAL INFORMATION
fixed length control field 191130s1996##################000#0#eng##
020 ## - INTERNATIONAL STANDARD BOOK NUMBER
ISBN 9780521026536
082 ## - DEWEY DECIMAL CLASSIFICATION NUMBER
Classification number 301.072077311 LIN
100 ## - MAIN ENTRY--AUTHOR NAME
Personal name Lindner, Rolf
245 ## - TITLE STATEMENT
Title The reportage of urban culture : Robert park and the Chicago school
Statement of responsibility, etc Rolf Lindner ; translated by Adrian Morris with Jeremy Gaines and Martin Chalmers
260 ## - PUBLICATION, DISTRIBUTION, ETC. (IMPRINT)
Place of publication Cambridge
Name of publisher Cambridge University Press
Year of publication c1996
300 ## - PHYSICAL DESCRIPTION
Number of Pages xiii, 237 p. : ill. ; 24 cm
500 ## - GENERAL NOTE
General note Includes bibliographical references (p. 205-227) and indexes
650 ## - SUBJECT ADDED ENTRY--TOPICAL TERM
Topical Term Chicago school of sociology - History
Topical Term Park, Robert Ezra, 1864-1944
Topical Term Sociology, Urban - United States - Study and teaching - History - 20th century
991 ## -
-- 194948
Holdings
Withdrawn status Lost status Damaged status Not for loan Home library Current library Shelving location Date acquired Full call number Accession Number Price effective from Koha item type
        Anna Centenary Library Anna Centenary Library 3RD FLOOR, B WING 15.10.2020 301.072077311 LIN 239243 15.10.2020 English Books

Find us on the map